|
|
|
|
| LEADER |
00000nam a2200000 i 4500 |
| 001 |
1/75451 |
| 008 |
961216s1984 gre d |
| 035 |
|
|
|a 1990
|b 1
|c Δωρεά
|l 10032129
|
| 040 |
|
|
|a GR-MY-UA
|b gre
|e aacr
|
| 041 |
0 |
|
|a gre
|
| 082 |
0 |
|
|a 914
|
| 100 |
1 |
|
|a Μερτάνη-Λίζα, Αρτεμις.
|
| 245 |
1 |
0 |
|a Ζεφύρια οδός :
|b οδοιπορικό στην Μεγάλη Ελλάδα /
|c Αρτεμις Μερτάνη-Λίζα
|
| 260 |
|
|
|a Πάτραι :
|b Κλειώ,
|c 1984
|
| 300 |
|
|
|a 257 σ.
|
| 650 |
0 |
0 |
|a Travelers
|z Greece
|x History.
|
| 650 |
0 |
0 |
|a Greek literature, Modern.
|
| 852 |
|
|
|a INST
|b RHODES
|e 19961216
|h 914 ΜΕΡ
|p 005400010191
|q 005400010191
|t BK
|y 0
|
| 909 |
|
|
|a Ρ
|b 017390
|c 1990
|
| 922 |
|
|
|a 4ΔΩΡ
|b 199004
|
| 970 |
|
|
|z 2000/06/ΟΙΚΟΝΟΜΟΠΟΥΛΟΥ (SUBJECT)
|